MARC
LEADER
00000nam0a2200000 4500
001
272112
005
20231101234512.0
035
|a (RuTPU)RU\TPU\book\295317
090
|a 272112
100
|a 20141015d1985 k y0rusy5003 ca
101
0
|a rus
102
|a RU
105
|a a z 001zy
200
1
|a Совершенствование режущих инструментов и методов обработки жаропрочных и титановых сплавов
|e сборник научных трудов
|f Куйбышевский авиационный институт им. С. П. Королева ; под ред. Ф. П. Урывского
210
|a Куйбышев
|c Изд-во КуАИ
|d 1985
215
|a 124 с.
|c ил.
320
|a Библиогр. в конце статей
606
1
|a Режущие инструменты
|2 stltpush
|3 (RuTPU)RU\TPU\subj\72754
|9 86158
606
1
|a Металлообработка
|y Тепловые явления
|2 stltpush
|3 (RuTPU)RU\TPU\subj\42486
610
1
|a высокопрочные стали
610
1
|a титановые сплавы
610
1
|a шлифовальные круги
610
1
|a расчет
610
1
|a ультразвуковое суперфиниширование
610
1
|a смазочно-охлаждающие жидкости
610
1
|a механико-термическая обработка
610
1
|a глухие резьбы
610
1
|a дисковые фрезы
610
1
|a износ
610
1
|a характеристики
675
|a 621.9.02
|v 3
675
|a 621.9.011
|v 3
702
1
|a Урывский
|b Ф. П.
|g Федор Прокофьевич
|4 340
712
0
2
|a Куйбышевский авиационный институт им. С. П. Королева
|2 stltpush
|3 (RuTPU)RU\TPU\col\8161
801
0
|a RU
|b RuMRKP
|c 19950704
|g psbo
801
1
|a RU
|b 63413507
|c 20141015
801
2
|a RU
|b 63413507
|c 20200825
|g RCR
942
|c BK